Normal view
MARC view
- Lessing, Doris,
Entry Personal Name
001 - CONTROL NUMBER
- control field: 1078
003 - CONTROL NUMBER IDENTIFIER
- control field: NUST
005 - DATE AND TIME OF LATEST TRANSACTION
- control field: 20170518122949.0
008 - FIXED-LENGTH DATA ELEMENTS
- fixed length control field: 170518|| aca||aabn | a|a d
040 ## - CATALOGING SOURCE
- Original cataloging agency: NUST
- Transcribing agency: NUST
100 ## - HEADING--PERSONAL NAME
- Personal name: Lessing, Doris,
- Dates associated with a name: 1919-2013.
670 ## - SOURCE DATA FOUND
- Source citation: Work cat.: (NUST)0: Lessing, Doris, 1919-2013., The story of General Dann and Mara's daughter, Griot, and the snow dog /, 2005.
